Ekonomika municipalizácie a jej dopady na poskytovanie verejných služieb habilitačná prednáška

Salvato in:
Dettagli Bibliografici
Autore principale: Černěnko, Tomáš, 1981-
Ente Autore: Ekonomická univerzita v Bratislave. Národohospodárska fakulta
Natura: Libro
Lingua:slovacco
Pubblicazione: Bratislava Vydavateľstvo EKONÓM 2024
Edizione:1. vydanie
Soggetti:
Tags: Aggiungi Tag
Nessun Tag, puoi essere il primo ad aggiungerne!!

MARC

LEADER 00000nam a2200000 4500
001 0302921
005 20240708141548.5
020 |a 978-80-225-5149-6 
041 0 |a slo 
044 |a SK 
245 1 0 |a Ekonomika municipalizácie a jej dopady na poskytovanie verejných služieb  |b habilitačná prednáška  |c Tomáš Černěnko 
250 |a 1. vydanie 
264 1 |a Bratislava  |b Vydavateľstvo EKONÓM  |c 2024 
300 |a [80 s.] 
610 2 0 |a samospráva miestna 
610 2 0 |a správa verejná 
610 2 0 |a služby verejné 
610 2 0 |a rozpočty verejné 
610 2 0 |a reformy 
100 1 |a Černěnko, Tomáš, 1981- 
710 2 |a Ekonomická univerzita v Bratislave. Národohospodárska fakulta